Estadísticas para Países más cercanos a Bielorrusia

Haz click aquí para intentar la prueba.

Estadísticas generales

  • Esta prueba ha sido intentada 46 veces
  • La puntuación promedio es 19 de 20

Estadísticas de respuestas

kmpaís% Correcto
157Estonia
100%
0Polonia
100%
0Rusia
100%
0Letonia
98%
0Lituania
98%
0Ucrania
98%
571Alemania
96%
395Chequia
96%
267Eslovaquia
96%
740Eslovenia
93%
357Hungría
93%
470Finlandia
91%
337Moldavia
91%
365Rumania
91%
568Austria
89%
801Bosnia y
Herzegovina
87%
646Serbia
87%
715Croacia
84%
544Dinamarca
84%
515Suecia
84%

Distribución de puntuación

Porcentaje por número respondido

Porcentaje de gente con cada puntuación

Historial de tus puntuaciones

No has intentado esta prueba.